00451nam a22001457a 4500003000500000005001700005008004100022040000900063082001400072100001800086245007900104260003900183300000900222650007400231CEME20210628203215.0210119b xxu||||| |||| 00| 0 eng d cceme a297.7 NAZ aNazir Anbalvi aAqwal-e-zareen kaw encyclopedia , mashreer alam kay aqwal kaw encyclopedia aLAHOREbISLAMIC PUBLICATIONSc2006 a700P aISLAM-AQWAL-E-ZAREEN KAW ENCYCLOPEDIA.AQWAL-E-ZAREEN KAW ENCYCLOPEDIA